000 00941pam a2200301 a 4500
005 20260322212008.0
008 data
010 _a 86045027
020 _a0060675047 :
_c{dollar}14.95
020 _a9780060675042 :
_c{dollar}14.95
040 _aDLC
_cDLC
_dDLC
043 _ae-fr---
050 0 0 _aBX9459.S38
_bS67 1986
082 0 0 _aB
_aB
_219
092 _a271 SPI 1986
100 1 _aSpink, Kathryn.
245 1 2 _aA universal heart :
_bthe life and vision of Brother Roger of Taizé /
_cKathryn Spink.
250 _a1st ed.
260 _aSan Francisco :
_bHarper & Row,
_cc1986.
300 _axiii, 194 p., [8] p. of plates :
_bill. ;
_c22 cm.
500 _aIncludes index.
600 0 0 _aRoger,
_cfrère,
_d1915-2005.
610 2 0 _aCommunauté de Taizé
_vBiography.
610 2 0 _aEglise réformée de France
_xClergy
_vBiography.
650 0 _aMonks
_vBiography.
650 0 _aReformed Church
_zFrance
_xClergy
_vBiography.
001 data
999 _c140
_d140